साहस शौर्य और सम्मान की गाथाएं / (Record no. 117720)

MARC details
000 -LEADER
fixed length control field 01226nam a22002897a 4500
003 - CONTROL NUMBER IDENTIFIER
control field dpl
005 - DATE AND TIME OF LATEST TRANSACTION
control field 20190219133625.0
008 - FIXED-LENGTH DATA ELEMENTS--GENERAL INFORMATION
fixed length control field 190219b ||||| |||| 00| 0 eng d
010 ## - LIBRARY OF CONGRESS CONTROL NUMBER
LC control number B-051251
020 ## - INTERNATIONAL STANDARD BOOK NUMBER
Terms of availability 150.00
International Standard Book Number 8187416246
035 ## - SYSTEM CONTROL NUMBER
System control number B-051251, B-051258
037 ## - SOURCE OF ACQUISITION
Source of stock number/acquisition Cen Lib/Ret
040 ## - CATALOGING SOURCE
Original cataloging agency DPL
Language of cataloging HN
Transcribing agency 0
082 ## - DEWEY DECIMAL CLASSIFICATION NUMBER
Classification number
Item number गौड़श
100 ## - MAIN ENTRY--PERSONAL NAME
Personal name गौड़ , शशि वीरेंद्र
9 (RLIN) 76465
245 ## - TITLE STATEMENT
Title साहस शौर्य और सम्मान की गाथाएं /
Statement of responsibility, etc शशि वीरेंद्र गौड़
246 ## - VARYING FORM OF TITLE
Title proper/short title Sahas shourya or smman ki gathayen
Remainder of title by Shashi Virendra Goud
260 ## - PUBLICATION, DISTRIBUTION, ETC. (IMPRINT)
Place of publication, distribution, etc दिल्ली
Name of publisher, distributor, etc अलोकपर्व प्रकाशन
Date of publication, distribution, etc 2001
270 ## - ADDRESS
Address 1/6588, पूर्वी रोहताश नगर शाहदरा
City दिल्ली
Postal code 110032
300 ## - PHYSICAL DESCRIPTION
Extent 152पृष्ठ.
Dimensions 21सेमी(सजिल्द)
650 ## - SUBJECT ADDED ENTRY--TOPICAL TERM
Topical term or geographic name as entry element हिंदी साहित्य
9 (RLIN) 76466
650 ## - SUBJECT ADDED ENTRY--TOPICAL TERM
Topical term or geographic name as entry element शूरवीरों की कहानी
9 (RLIN) 5868
650 ## - SUBJECT ADDED ENTRY--TOPICAL TERM
Topical term or geographic name as entry element Hindi literature
9 (RLIN) 76467
650 ## - SUBJECT ADDED ENTRY--TOPICAL TERM
Topical term or geographic name as entry element Knights Tale story
9 (RLIN) 76468
700 ## - ADDED ENTRY--PERSONAL NAME
Personal name
9 (RLIN) 76469
942 ## - ADDED ENTRY ELEMENTS (KOHA)
Source of classification or shelving scheme Dewey Decimal Classification
Koha item type Hindi Books
Classification part
Call number suffix गौड़श
Holdings
Withdrawn status Lost status Damaged status Not for loan Home library Current library Date acquired Source of acquisition Cost, normal purchase price Total Checkouts Full call number Barcode Date last seen Copy number Cost, replacement price Price effective from Koha item type Source of classification or shelving scheme Collection code
        Central Library Central Library 08/09/2015 Cen Lib /Ret 150.00   क गौड़श B-051251 08/09/2015 1 150.00 08/09/2015 Hindi Books    
        Patel Nagar Patel Nagar 24/10/2018 BPPD/Pub 150.00   क गौड़श B-051253 24/10/2018   150.00 24/10/2018 Hindi Books Dewey Decimal Classification Fiction
        Shahdara Branch Shahdara Branch 19/02/2019 BPPD/PUB 150.00   क गौड़श B-051258 19/02/2019   150.00 19/02/2019 Hindi Books Dewey Decimal Classification Fiction

© Delhi Public Library
Hit Counter
free hit counter